Statistics for Percy Jackson Characters to Gods

Click here to take the quiz!

General Stats

  • This quiz has been taken 456 times
  • The average score is 14 of 17

Answer Stats

HintAnswer% Correct
PoseidonPercy Jackson
99%
HadesNico di Angelo
98%
ZeusThalia Grace
98%
AthenaAnnabeth Chase
97%
JupiterJason Grace
93%
AresClarisse LaRue
92%
PlutoHazel Levesque
91%
HephaestusLeo Valdez, Charles Beckendorf, Jake Mason
91%
HermesTravis Stoll, Connor Stoll, Luke Castellan
91%
MarsFrank Zhang
87%
Artemis (Hunter)Zoe Nightshade
83%
ApolloWill Solace
81%
AphroditeSilena Beauregard
66%
DemeterKatie Gardner
61%
DionysusPollux, Castor
59%
BacchusDakota
43%
Bellona (Full Name)Reyna Avila Ramirez-Arellano
28%

Score Distribution

Percentile by Number Answered

Percent of People with Each Score

Your Score History

You have not taken this quiz